| 000 | 00491nam a2200193 a 4500 | ||
|---|---|---|---|
| 001 | 2493 | ||
| 005 | 20140414132119.0 | ||
| 008 | 050602s19uu xx 00 eng d | ||
| 020 | _a | ||
| 050 |
_aM 808.3087 _bT91 1993 |
||
| 100 | _aTwain, Mark | ||
| 245 |
_aTom Sawyer / _cMark Twain ; retold by B.R. Choudhury. |
||
| 260 |
_bTwin books, _c1993. |
||
| 440 | _aLearners Graded Readers, level 3 | ||
| 500 | _a | ||
| 650 | _aFiction. | ||
| 650 | _aChildren stories. | ||
| 999 |
_c115005 _d115005 |
||